| 000 -ლიდერი |
| ფიქსირებული სიგრძის საკონტროლო ველი |
01733nam a22002417a 4500 |
| 003 - საკონტროლო ნომრის იდენტიფიკატორი |
| საკონტროლო ველი |
Ge_BSU |
| 005 - ბოლო ოპერაციის თარიღი და დრო |
| საკონტროლო ველი |
20250204165926.0 |
| 008 - ფიქსირებული სიგრძის მონაცემთა ელემენტები - ზოგადი ინფორმაცია |
| ფიქსირებული სიგრძის საკონტროლო ველი |
250204s2013 ge ||||| |||| 00| 0 geo d |
| 020 ## - წიგნის საერთაშორისო სტანდარტული ნომერი |
| International Standard Book Number |
9789941179754 |
| 041 ## - ენის კოდი |
| Language code of text/sound track or separate title |
geo |
| 080 ## - უნივერსალური ათობითი კლასიფიკაციის ინდექსი |
| Universal Decimal Classification number |
378.147: 371.315.7 ე-54 |
| 245 ## - ცნობა სათაურის შესახებ |
| Title |
ელექტრონული სწავლება MOODLE სისტემის გამოყენებით : |
| Remainder of title |
მეთოდ. მითითებანი / |
| Statement of responsibility, etc |
ვერონიკა როგალევიჩი, მანუჩარ ლორია, ზვიად ბერაძე, დავით აბუსერიძე ; რედ. მაარიკა მილი. |
| 264 ## - წარმოების, გამოცემის, დისტრიბუციის და სხვა ცნობები |
| გამოცემის, წარმოების, დისტრიბუციის... ადგილი |
ტალინი - ბათუმი |
| გამოცემის, წარმოების, დისტრიბუციის... სახელწოდება |
უნივერსალი, |
| გამოცემის, წარმოების, დისტრიბუციის... თარიღი |
2013. |
| 300 ## - ფიზიკური აღწერა |
| Extent |
99 გვ. : |
| Other physical details |
სურ. ; |
| Dimensions |
20 სმ. |
| 653 ## - INDEX TERM--UNCONTROLLED |
| Uncontrolled term |
პროგრამული სწავლება უმაღლეს სკოლებში |
| 700 ## - ADDED ENTRY--PERSONAL NAME |
| Personal name |
როგალევიჩი, ვერონიკა |
| Relator term |
ავტორი |
| 9 (RLIN) |
24254 |
| 700 ## - ADDED ENTRY--PERSONAL NAME |
| Personal name |
ლორია, მანუჩარ |
| Relator term |
ავტორი |
| 9 (RLIN) |
2194 |
| 700 ## - ADDED ENTRY--PERSONAL NAME |
| Personal name |
ბერაძე, ზვიად |
| Relator term |
ავტორი |
| 9 (RLIN) |
24255 |
| 700 ## - ADDED ENTRY--PERSONAL NAME |
| Personal name |
აბუსერიძე, დავით |
| Relator term |
ავტორი |
| 9 (RLIN) |
24256 |
| 700 ## - ADDED ENTRY--PERSONAL NAME |
| Personal name |
მილი, მაარიკა |
| Relator term |
რედაქტორი |
| 9 (RLIN) |
24257 |
| 710 ## - ADDED ENTRY--CORPORATE NAME |
| Corporate name or jurisdiction name as entry element |
ტალინის უნ-ტი. |
| Subordinate unit |
ბათუმის შოთა რუსთაველის სახელმწ. უნ-ტი. საინფორმ. ტექნოლოგიებისა და კომუნიკაციების სამსახური. |
| 9 (RLIN) |
24258 |
| 942 ## - ADDED ENTRY ELEMENTS (KOHA) |
| Source of classification or shelving scheme |
|
| Koha item type |
წიგნი |